Sports Quiz

Random Sports or Soccer Quiz

MLS MVPs Quiz Stats

 Plays Quiz Updated Mar 3, 2020

Support Sporcle.
Go Orange.
Score 0/25 Timer 04:00
4 Plays Today
Year Winner % Correct
2009Landon Donovan
73.9%
2019Carlos Vela
71.5%
2016David Villa
70.4%
2018Josef Martínez
68.2%
2015Sebastian Giovinco
66.3%
2014Robbie Keane
56.7%
2012Chris Wondolowski
44.6%
2017Diego Valeri
43.9%
2005Taylor Twellman
34.5%
1997Preki
28.6%
2003Preki
28.6%
2011Dwayne De Rosario
26%
1996Carlos Valderrama
24.9%
Year Winner % Correct
2013Mike Magee
24.4%
2020Alejandro Pozuelo
23.2%
2008Guillermo Barros Schelotto
19.3%
2000Tony Meola
19.2%
1998Marco Etcheverry
16%
1999Jason Kreis
15.7%
2002Carlos Ruíz
14%
2006Christian Gómez
13.7%
2007Luciano Emilio
12.9%
2004Amado Guevara
9%
2010David Ferreira
6.8%
2001Alex Pineda Chacón
6.1%

From the Vault

TV Shows 1-4/A-Z

by sproutcm

We try to watch all our TV in Alphanumeric order...it keeps us sharp.
Remove Ads.
Support Sporcle.
Get the best of Sporcle when you Go Orange. This ad-free experience offers more features, more stats, and more fun while also helping to support Sporcle. Thank you for becoming a member.

Show Comments

Extras

Top Quizzes Today


Score Distribution

Your Account Isn't Verified!

In order to create a playlist on Sporcle, you need to verify the email address you used during registration. Go to your Sporcle Settings to finish the process.

Report this User

Report this user for behavior that violates our Community Guidelines.

Details: